LEADER 01296nam 2200361Ia 450 001 996397258703316 005 20210104172045.0 035 $a(CKB)4940000000063225 035 $a(EEBO)2240860641 035 $a(OCoLC)ocm62369679e 035 $a(OCoLC)62369679 035 $a(EXLCZ)994940000000063225 100 $a20051129d1683 uy 0 101 0 $aeng 135 $aurbn||||a|bb| 200 14$aThe very copy of a paper delivered to the sheriffs$b[electronic resource] $eupon the scaffold on Tower-Hill, on Friday, Decemb. 7. 1683 /$fby Algernoon Sidney 210 $aDublin $cReprinted by Joseph Ray, at Colledge-Green$d1683 215 $a4 p 300 $aCaption title. 300 $aImprint from colophon. 300 $aReproduction of original in: Harvard University. Library. 330 $aeebo-0062 606 $aExecutions and executioners$zEngland$vEarly works to 1800 607 $aGreat Britain$xHistory$yCharles II, 1660-1685 607 $aGreat Britain$xPolitics and government$y1660-1688 615 0$aExecutions and executioners 700 $aSidney$b Algernon$f1622-1683.$0480774 801 0$bUMI 801 1$bUMI 906 $aBOOK 912 $a996397258703316 996 $aThe very copy of a paper delivered to the sheriffs$92374149 997 $aUNISA LEADER 02509oam 2200697I 450 001 9910704642303321 005 20150616120154.0 035 $a(CKB)5470000002443293 035 $a(OCoLC)862233460 035 $a(EXLCZ)995470000002443293 100 $a20131107d2012 ua 0 101 0 $aeng 135 $aurmn||||||||| 181 $ctxt$2rdacontent 182 $cc$2rdamedia 183 $acr$2rdacarrier 200 10$aPreparing the pipeline $ethe U.S. cyber workforce for the future /$fby David J. Kay, Terry J. Pudas, and Brett Young 210 1$a[Washington, D.C.] :$cInstitute for National Strategic Studies, National Defense University,$d2012. 215 $a1 online resource (16 pages) 225 1 $aDefense horizons ;$vDH no. 72 300 $aTitle from title screen (viewed Nov. 7, 2013). 300 $a"August 2012." 320 $aIncludes bibliographical references (pages 14-15). 517 $aPreparing the pipeline 606 $aTechnical education$zUnited States$xPlanning 606 $aEducational planning$zUnited States 606 $aElectronic data processing personnel$zUnited States 606 $aComputer programmers$zUnited States 606 $aComputer technicians$zUnited States 606 $aComputer programmers$2fast 606 $aComputer technicians$2fast 606 $aEducational planning$2fast 606 $aElectronic data processing personnel$2fast 606 $aTechnical education$xPlanning$2fast 607 $aUnited States$xOfficials and employees 607 $aUnited States$2fast 615 0$aTechnical education$xPlanning. 615 0$aEducational planning 615 0$aElectronic data processing personnel 615 0$aComputer programmers 615 0$aComputer technicians 615 7$aComputer programmers. 615 7$aComputer technicians. 615 7$aEducational planning. 615 7$aElectronic data processing personnel. 615 7$aTechnical education$xPlanning. 700 $aKay$b David J.$0282113 702 $aPudas$b Terry J. 702 $aYoung$b Brett 712 02$aNational Defense University.$bCenter for Technology and National Security Policy, 712 02$aNational Defense University.$bInstitute for National Strategic Studies, 801 0$bGPO 801 1$bGPO 801 2$bGPO 801 2$bOCLCO 801 2$bOCLCF 801 2$bGPO 906 $aBOOK 912 $a9910704642303321 996 $aPreparing the pipeline$93521008 997 $aUNINA